The bower of bliss and the garden of Adonis : (Record no. 10024)
[ view plain ]
| 000 -LEADER | |
|---|---|
| fixed length control field | 00822nam a22002417a 4500 |
| 003 - CONTROL NUMBER IDENTIFIER | |
| control field | SISC |
| 005 - DATE AND TIME OF LATEST TRANSACTION | |
| control field | 20160307152433.0 |
| 008 - FIXED-LENGTH DATA ELEMENTS--GENERAL INFORMATION | |
| fixed length control field | 130830t xxu||||| |||| 00| 0 eng d |
| 020 ## - INTERNATIONAL STANDARD BOOK NUMBER | |
| International Standard Book Number | 9781857996753 |
| 050 ## - LIBRARY OF CONGRESS CALL NUMBER | |
| Classification number | PR 423 |
| Item number | .Sp748 1996 |
| 082 ## - DEWEY DECIMAL CLASSIFICATION NUMBER | |
| Classification number | HS 821.3 |
| Item number | Sp3 1996 |
| 100 ## - MAIN ENTRY--PERSONAL NAME | |
| Personal name | Spenser, Edmund |
| 9 (RLIN) | 15779 |
| 245 ## - TITLE STATEMENT | |
| Title | The bower of bliss and the garden of Adonis : |
| Statement of responsibility, etc | Edmund Spencer. |
| Remainder of title | from book II and book III of the fairy queen / |
| 260 ## - PUBLICATION, DISTRIBUTION, ETC. (IMPRINT) | |
| Place of publication, distribution, etc | London : |
| Name of publisher, distributor, etc | Orion House, |
| Date of publication, distribution, etc | c1996. |
| 300 ## - PHYSICAL DESCRIPTION | |
| Extent | 58 cm. : |
| Dimensions | 14 cm. |
| 600 ## - SUBJECT ADDED ENTRY--PERSONAL NAME | |
| Personal name | Spenser, Edmund |
| 9 (RLIN) | 15779 |
| 648 ## - SUBJECT ADDED ENTRY--CHRONOLOGICAL TERM | |
| Chronological term | 1. Poetry--Psychological aspects. |
| 9 (RLIN) | 15780 |
| 650 ## - SUBJECT ADDED ENTRY--TOPICAL TERM | |
| Topical term or geographic name as entry element | Poetry |
| General subdivision | Psychological aspects. |
| 9 (RLIN) | 15784 |
| 650 ## - SUBJECT ADDED ENTRY--TOPICAL TERM | |
| Topical term or geographic name as entry element | 2. Epic poetry, English |
| Form subdivision | History and criticism. |
| 9 (RLIN) | 15785 |
| 650 ## - SUBJECT ADDED ENTRY--TOPICAL TERM | |
| Topical term or geographic name as entry element | History and criticism. |
| 9 (RLIN) | 15783 |
| 942 ## - ADDED ENTRY ELEMENTS (KOHA) | |
| Source of classification or shelving scheme | Library of Congress Classification |
| Koha item type | Books |
| Withdrawn status | Lost status | Source of classification or shelving scheme | Damaged status | Home library | Current library | Shelving location | Date acquired | Total Checkouts | Full call number | Barcode | Date last seen | Copy number | Price effective from | Koha item type |
|---|---|---|---|---|---|---|---|---|---|---|---|---|---|---|
| Library of Congress Classification | Luxembourg Library | Luxembourg Library | High School Section | 08/30/2013 | PR 423 .Sp748 1996 | 9140 | 03/07/2016 | 1 | 08/30/2013 | Books |